| 000 | 01190 a2200217 4500 | ||
|---|---|---|---|
| 003 | Nust | ||
| 005 | 20220803105132.0 | ||
| 010 | _a 79016320 | ||
| 020 | _a0201012588 : | ||
| 040 | _cNust | ||
| 082 | 0 | 0 | _a621.317,DOR |
| 100 | 1 | _aDorf, Richard C. | |
| 245 | 1 | 0 |
_aModern Control Systems / _cRichard C. Dorf & Robert H. Bishop |
| 250 | _a7th ed. | ||
| 260 |
_aReading, Mass. : _bAddison-Wesley, _cc1980. |
||
| 300 |
_axiv, 807 p. : _bill. ; _c24 cm. |
||
| 440 | 0 |
_aAddison-Wesley series in electrical engineering _996383 |
|
| 505 |
_aIntroduction to control systems (Page-1), Mathematical models of systems (Page-37), State variable models (Page-130), Feedback control system characteristics (Page-191), The performance of feedback control systems (Page-243), The stability of linear feedback systems (Page-311), The root locus method (Page-354), Frequency response methods (Page-432), Stability in the frequency domain (Page-497), The design of feedback control systems (Page-581), The design of state variable feedback systems (Page-659), Robust control systems (Page-723), Digital control systems (Page-787). _g _r |
||
| 650 | 0 | _aTelecommunication Engineering. | |
| 942 |
_cREF _2ddc |
||
| 999 |
_c176958 _d176958 |
||